Regions of New Zealand - Statistics

General Stats
  • This quiz has been taken 1,282 times
  • The average score is 10 of 16
Answer Stats
Hint Answer % Correct
2 Auckland
93%
9 Wellington
88%
14 Canterbury
79%
1 Northland
77%
15 Otago
76%
16 Southland
76%
3 Waikato
72%
4 Bay of Plenty
67%
6 Hawke's Bay
63%
13 West Coast
63%
11 Nelson
60%
7 Taranaki
60%
12 Marlborough
48%
10 Tasman
42%
5 Gisborne
37%
8 Manawatu-Wanganui
18%
No matching quizzes found
Score Distribution
Percent of People with Each Score
Percentile by Number Answered
Your Score History
You have not taken this quiz